000 00582nam a2200169 i 4500
001 24022
003 ES-MaACL
005 20230906152955.0
007 t|
008 021213s1957 sp ||||1| spa d
100 1 _aAndreas, Yungmann.
_921552
245 1 0 _aCatequética finalidad y método de la instrucción religiosa /
_cYungmann Andreas ; traducción del alemán por Francisco Payeras.
260 _aBarcelona :
_bHerder Sociedad General de Publicaciones,
_c1957.
300 _a349 p. ;
_c25 cm.
700 1 _aPayeras, Francisco.
_989719
852 _aES-MaACL
_jC-19573
_bR.47099
999 _c24022
_d24022